| 000 | 00439nam a2200145 4500 | ||
|---|---|---|---|
| 001 | 111109 | ||
| 003 | ES-MaACL | ||
| 007 | t| | ||
| 008 | 061121s1936 sp r ||||1| spa d | ||
| 100 | 1 |
_aOlabarrieta, Luciano de. _986634 |
|
| 245 | 1 | 0 |
_aEjercicios de geometría moderna / _cLuciano de Olabarrieta. |
| 260 |
_aBilbao : _bEl Mensajero del Corazón de Jesús, _c1936. |
||
| 300 |
_a365 p. ; _c23 cm. |
||
| 852 |
_aES-MaACL _jB-9233 _bR.19244 |
||
| 999 |
_c111109 _d111109 |
||